000 00371nam a2200145Ia 4500
008 231217s9999 xx 000 0 und d
041 _aEnglish
082 _a649.1 WEI;1
100 _aWeiss, Lym
245 0 _aHow to understand your child
260 _c2003
_bJaico Publishing House,
_aMumbai
300 _aviii+211
650 _aunderstand,your,child
942 _cAA
999 _c170317
_d170317